| 000 | 00462nam a2200157 u 4500 | ||
|---|---|---|---|
| 001 | 000020285 | ||
| 005 | 20240305135410.0 | ||
| 008 | 100813s1981 cl 000 0 spa d | ||
| 040 |
_aDO-SdBNP _bspa _cBNPHU |
||
| 082 |
_axxxxxxxx _bxxxxxxxx |
||
| 100 | 1 |
_aGarcía Márquez, Gabriel, _b1928-2014 _91804 |
|
| 245 | 1 | 0 |
_aLa hojarasca / _cGabriel García Márquez. |
| 250 | _a5a ed. | ||
| 260 |
_aBogotá, Colombia : _bOveja negra, _c1981. |
||
| 300 |
_a134 p. ; _c17 cm. |
||
| 999 |
_c19789 _d19789 |
||